Freguesias de Lisboa em um Mapa - Statistics

Estatísticas Gerais
  • Esse quiz foi jogado 102 vezes
  • A pontuação média é 13 de 24
Respostas no mapa
Respostas codificadas por cores de uma escala verde-vermelha no mapa do quiz de acordo com a % correta abaixo.
 
Estatísticas das Respostas
N Resposta % Correto
Oeste Belém
80%
Norte Benfica
76%
Leste Parque das Nações
69%
Oeste Alcântara
61%
Centro Alvalade
59%
Norte Lumiar
59%
Norte São Domingos de Benfica
57%
Centro Arroios
55%
Leste Marvila
55%
Centro Histórico Santa Maria Maior
55%
Oeste Ajuda
53%
Centro Avenidas Novas
53%
Centro Histórico Campo de Ourique
51%
Centro Histórico Estrela
49%
Leste Olivais
49%
Leste Beato
47%
Centro Campolide
47%
Centro Histórico Penha de França
43%
Centro Santo António
43%
Centro Areeiro
41%
Centro Histórico Misericórdia
39%
Norte Santa Clara
39%
Norte Carnide
37%
Centro Histórico São Vicente
33%
Nenhum quiz correspondente encontrado
Distribuição das Pontuações
Porcentagem de Pessoas com Cada Pontuação
Percentil de Números Respondidos
Sua Pontuação Histórica
Você não jogou esse quiz